Statistics for Avengers Quiz; Heroes

Click here to take the quiz!

General Stats

  • This quiz has been taken 73 times
    (41 since last reset)
  • The average score is 18 of 19

Answer Stats

DescriptionSuperhero% Correct
After being recruited by Hank Pym, he was given a suit to make him tiny in sizeAnt-Man/Scott Lang
100%
King of Wakanda, he inherited kingship from his father and wears a black suitBlack Panther/T'Challa
100%
A former Russian spy, she became an agent of S.H.I.E.L.D afterwardBlack Widow/Natasha Romanova
100%
The man out of time; he was injected with a serum that made him the first superheroCaptain America/Steve Rogers
100%
An agent of S.H.I.E.L.D and a father, he has unusual archery skillsHawkeye/Clint Barton
100%
A billionaire playboy; fights in his suit that he made himselfIron Man/Tony Stark
100%
The head of S.H.I.E.L.D, He wears an eyepatch after he was scratched by a flerkenNick Fury
100%
Bit by a radioactive spider; he gained web-slinging powers and is the mentor of Tony StarkSpiderman/Peter Parker
100%
In an attempt to recreate the serum that was used on Captain America, he was turned into a big green monsterThe Hulk/Bruce Banner
100%
The prince of Asgard; the god of lightning and the son of OdinThor Odinson
100%
Works by Captain America's side, his suit has titanium wingsFalcon/Sam Wilson
98%
Above's partner, she is Hank Pym's daughterThe Wasp/Hope Van Dyne
95%
From Captain America's time, he became an unstable superhuman with a metal armWinter Soldier/James(Bucky) Barnes
95%
After absorbing the powers from the explosion of a light speed engine, her memory was wiped and she was taken from earth by the Kree EmpireCaptain Marvel/Carol Danvers
93%
Above's brother, he was given super-speed powers by HydraQuicksilver/Pietro Maximoff
93%
Created by Bruce Banner and Tony Stark, he has the Mind Stone in his foreheadVision
93%
Iron Man's partner, wears a grayscale version of Iron Man's suitWar Machine/James Rhodes
93%
After a crippling injury in a car crash, he traveled to Kamar Taj to be healed, but instead was taught in the ways of the mystic artsDoctor Strange/Stephen Strange
90%
Given psycotic powers by Hydra, she can lift things with her mindScarlet Witch/Wanda Maximoff
88%

Score Distribution

Percentile by Number Answered

Percent of People with Each Score

Your Score History

You have not taken this quiz since the last reset